| 000 | 00561nam a2200181 a 4500 | ||
|---|---|---|---|
| 001 | 000043006 | ||
| 005 | 20201002040551.0 | ||
| 008 | 140217s2007 xxuabc r 000 0 spa d | ||
| 020 | _a9780553382402 | ||
| 040 |
_aDO-SdBNP _bspa _cBNPHU |
||
| 082 |
_axxxx _bxxxx |
||
| 100 | 1 |
_aMeyer, G. J., _d1940- _970526 |
|
| 245 | 1 | 0 |
_aA world undone : _bthe story of the great war, 1914-1918. |
| 260 |
_aNew York : _bBantam Dell, _c2007. |
||
| 300 |
_axxxvi, 777 p. : _bil., mapas, retrs. ; _c21 cm. |
||
| 590 | _aInventariado, 2019/BT | ||
| 504 | _aBibliografía : p. 753-763 | ||
| 999 |
_c42495 _d42495 |
||